<?xml version="1.0" encoding="UTF-8"?>
<record
    xmlns:xsi="http://www.w3.org/2001/XMLSchema-instance"
    xsi:schemaLocation="http://www.loc.gov/MARC21/slim http://www.loc.gov/standards/marcxml/schema/MARC21slim.xsd"
    xmlns="http://www.loc.gov/MARC21/slim">

  <leader>01759nac a22002651u 4500</leader>
  <controlfield tag="008">100725s        mr|||||r|||| 101 0 ara d</controlfield>
  <datafield tag="020" ind1=" " ind2=" ">
    <subfield code="a">9981262943 </subfield>
  </datafield>
  <datafield tag="082" ind1=" " ind2=" ">
    <subfield code="a">612.64</subfield>
    <subfield code="b">&#x633; &#x631; &#x648;</subfield>
    <subfield code="2">22</subfield>
  </datafield>
  <datafield tag="100" ind1=" " ind2=" ">
    <subfield code="a">&#x623;&#x628;&#x648; &#x627;&#x644;&#x633;&#x631;&#x648;&#x631; &#x60C; &#x62C;&#x645;&#x627;&#x644;</subfield>
    <subfield code="9">16723</subfield>
  </datafield>
  <datafield tag="110" ind1=" " ind2=" ">
    <subfield code="a">Al Monazama Al Islameya Lel Tarbeya Wa Al Olom Wa Al Thakafa</subfield>
    <subfield code="9">16731</subfield>
  </datafield>
  <datafield tag="245" ind1=" " ind2=" ">
    <subfield code="a"> /&#x627;&#x644;&#x627;&#x646;&#x639;&#x643;&#x627;&#x633;&#x627;&#x62A; &#x627;&#x644;&#x623;&#x62E;&#x644;&#x627;&#x642;&#x64A;&#x629; &#x644;&#x644;&#x623;&#x628;&#x62D;&#x627;&#x62B; &#x627;&#x644;&#x62E;&#x627;&#x635;&#x629; &#x628;&#x627;&#x644;&#x623;&#x62C;&#x646;&#x629; &#x627;&#x644;&#x628;&#x634;&#x631;&#x64A;&#x629;</subfield>
    <subfield code="c">&#x62A;&#x623;&#x644;&#x64A;&#x641; &#x62C;&#x645;&#x627;&#x644; &#x623;&#x628;&#x648; &#x627;&#x644;&#x633;&#x631;&#x648;&#x631; &#x61B; &#x62A;&#x631;&#x62C;&#x645;&#x629; &#x62C;&#x648;&#x632;&#x64A;&#x641; &#x642;&#x631;&#x64A;&#x637;</subfield>
  </datafield>
  <datafield tag="260" ind1=" " ind2=" ">
    <subfield code="a">&#x627;&#x644;&#x645;&#x63A;&#x631;&#x628;:</subfield>
    <subfield code="b">&#x627;&#x644;&#x645;&#x646;&#x638;&#x645;&#x629; &#x627;&#x644;&#x627;&#x633;&#x644;&#x627;&#x645;&#x64A;&#x629; &#x644;&#x644;&#x62A;&#x631;&#x628;&#x64A;&#x629; &#x648;&#x627;&#x644;&#x639;&#x644;&#x648;&#x645; &#x648;&#x627;&#x644;&#x62B;&#x642;&#x627;&#x641;&#x629; &#x60C;2001</subfield>
    <subfield code="c">c2001.</subfield>
  </datafield>
  <datafield tag="300" ind1=" " ind2=" ">
    <subfield code="a">67 &#x635;&#x61B;</subfield>
    <subfield code="c">24 &#x633;&#x645;</subfield>
  </datafield>
  <datafield tag="511" ind1=" " ind2=" ">
    <subfield code="a">Catalogued by: Sara</subfield>
  </datafield>
  <datafield tag="541" ind1=" " ind2=" ">
    <subfield code="a">&#x645;&#x643;&#x62A;&#x628;&#x629; &#x627;&#x644;&#x627;&#x633;&#x643;&#x646;&#x62F;&#x631;&#x64A;&#x629; &#x61B;</subfield>
    <subfield code="c">&#x625;&#x647;&#x62F;&#x627;&#x621; &#x61B;</subfield>
  </datafield>
  <datafield tag="650" ind1=" " ind2=" ">
    <subfield code="a">&#x627;&#x644;&#x623;&#x62C;&#x646;&#x629;</subfield>
    <subfield code="9">16936</subfield>
  </datafield>
  <datafield tag="650" ind1=" " ind2=" ">
    <subfield code="a">&#x627;&#x644;&#x627;&#x633;&#x62A;&#x646;&#x633;&#x627;&#x62E;</subfield>
    <subfield code="9">16728</subfield>
  </datafield>
  <datafield tag="650" ind1=" " ind2=" ">
    <subfield code="a">&#x627;&#x644;&#x637;&#x628;</subfield>
    <subfield code="9">16945</subfield>
    <subfield code="x">&#x627;&#x644;&#x62C;&#x648;&#x627;&#x646;&#x628; &#x627;&#x644;&#x623;&#x62E;&#x644;&#x627;&#x642;&#x64A;&#x629; &#x648;&#x627;&#x644;&#x62F;&#x64A;&#x646;&#x64A;&#x629;</subfield>
  </datafield>
  <datafield tag="700" ind1=" " ind2=" ">
    <subfield code="a">&#x642;&#x631;&#x64A;&#x637; &#x60C; &#x62C;&#x648;&#x632;&#x64A;&#x641;</subfield>
    <subfield code="9">16729</subfield>
  </datafield>
  <datafield tag="942" ind1=" " ind2=" ">
    <subfield code="c">BB</subfield>
    <subfield code="k">612.64 &#x633; &#x631; &#x648;</subfield>
    <subfield code="2">ddc</subfield>
  </datafield>
  <datafield tag="999" ind1=" " ind2=" ">
    <subfield code="c">6665</subfield>
    <subfield code="d">6665</subfield>
  </datafield>
  <datafield tag="952" ind1=" " ind2=" ">
    <subfield code="0">0</subfield>
    <subfield code="1">0</subfield>
    <subfield code="2">ddc</subfield>
    <subfield code="4">0</subfield>
    <subfield code="7">0</subfield>
    <subfield code="8">Alef-Baa</subfield>
    <subfield code="a">MAIN</subfield>
    <subfield code="b">MAIN</subfield>
    <subfield code="c">1ST</subfield>
    <subfield code="d">2010-07-25</subfield>
    <subfield code="e">Donation</subfield>
    <subfield code="o">612.64 &#x623; &#x628; &#x648;</subfield>
    <subfield code="p">000008135</subfield>
    <subfield code="r">2025-07-15 00:00:00</subfield>
    <subfield code="y">BB</subfield>
  </datafield>
  <datafield tag="952" ind1=" " ind2=" ">
    <subfield code="0">0</subfield>
    <subfield code="1">0</subfield>
    <subfield code="2">ddc</subfield>
    <subfield code="4">0</subfield>
    <subfield code="7">0</subfield>
    <subfield code="8">Alef-Baa</subfield>
    <subfield code="a">MAIN</subfield>
    <subfield code="b">MAIN</subfield>
    <subfield code="c">1ST</subfield>
    <subfield code="d">2010-07-25</subfield>
    <subfield code="e">Donation</subfield>
    <subfield code="o">612.64 &#x623; &#x628; &#x648;</subfield>
    <subfield code="p">000008136</subfield>
    <subfield code="r">2025-07-15 00:00:00</subfield>
    <subfield code="y">BB</subfield>
  </datafield>
  <datafield tag="952" ind1=" " ind2=" ">
    <subfield code="0">0</subfield>
    <subfield code="1">0</subfield>
    <subfield code="2">ddc</subfield>
    <subfield code="4">0</subfield>
    <subfield code="7">0</subfield>
    <subfield code="8">Alef-Baa</subfield>
    <subfield code="a">MAIN</subfield>
    <subfield code="b">MAIN</subfield>
    <subfield code="c">1ST</subfield>
    <subfield code="d">2010-07-25</subfield>
    <subfield code="e">purchase</subfield>
    <subfield code="o">612.64 &#x623; &#x628; &#x648;</subfield>
    <subfield code="p">000008137</subfield>
    <subfield code="r">2025-07-15 00:00:00</subfield>
    <subfield code="y">BB</subfield>
  </datafield>
  <datafield tag="952" ind1=" " ind2=" ">
    <subfield code="0">0</subfield>
    <subfield code="1">0</subfield>
    <subfield code="2">ddc</subfield>
    <subfield code="4">0</subfield>
    <subfield code="7">0</subfield>
    <subfield code="8">Alef-Baa</subfield>
    <subfield code="a">MAIN</subfield>
    <subfield code="b">MAIN</subfield>
    <subfield code="c">1ST</subfield>
    <subfield code="d">2010-07-25</subfield>
    <subfield code="e">purchase</subfield>
    <subfield code="o">612.64 &#x623; &#x628; &#x648;</subfield>
    <subfield code="p">000008138</subfield>
    <subfield code="r">2025-07-15 00:00:00</subfield>
    <subfield code="y">BB</subfield>
  </datafield>
</record>
